| 000 | 00448nam a2200181Ia 4500 | ||
|---|---|---|---|
| 008 | 240925s9999 xx 000 0 und d | ||
| 020 | _aNA | ||
| 082 | _a297.4 SAL | ||
| 100 | _aNot - Available | ||
| 245 | 0 | _aAnswers to Questions in Our Dialogue | |
| 250 | _a6th | ||
| 260 |
_aKarachi: _bApkar Pk _c,1998. |
||
| 300 |
_axix,924p. _bII _fOriginal |
||
| 500 | _aNA | ||
| 600 | _aHumanities & Natural Science | ||
| 650 | _aReligion | ||
| 942 | _cBK | ||
| 999 |
_c4731 _d4731 |
||